[Event "IBM-B"]
[Site "Amsterdam"]
[Date "1971.??.??"]
[Round "6"]
[White "Hecht, Hans Joachim"]
[Black "Smejkal, Jan"]
[Result "0-1"]
[WhiteElo "2470"]
[BlackElo "2515"]

1.e4 c5 2.Nf3 d6 3.Bb5+ Bd7 4.Bxd7+ Qxd7 5.O-O Nc6 6.Re1 e6 7.c3 Nf6 8.d4 cxd4
9.cxd4 d5 10.e5 Ne4 11.Nbd2 Nxd2 12.Bxd2 Be7 13.Bg5 O-O 14.Bxe7 Qxe7 15.Re3 Rac8
16.Rc1 Qb4 17.Rec3 Ne7 18.Rb3 Qa4 19.Rxb7 Rxc1 20.Qxc1 Rc8 21.Qe1 Nc6 22.h3 Qxa2
23.Qc3 Qa6 24.Rd7 h6 25.Rd6 Qa1+ 26.Kh2 Ne7 27.Qa3 Qf1 28.Qa5 Nf5 29.Rd8+ Rxd8
30.Qxd8+ Kh7 31.Qc7 Qxf2 32.Qc3 Ne3  0-1

[Event "HUN-ch"]
[Site "Budapest"]
[Date "1971.??.??"]
[Round "10"]
[White "Vadasz, Laszlo"]
[Black "Forintos, Gyozo V"]
[Result "1-0"]
[WhiteElo "2355"]
[BlackElo "2485"]

1.e4 c5 2.Nf3 d6 3.Bb5+ Nd7 4.a4 a6 5.Bxd7+ Bxd7 6.O-O Bg4 7.d3 e6 8.Nbd2 Be7
9.h3 Bh5 10.a5 g5 11.Nc4 h6 12.Bd2 Qc7 13.Bc3 Rh7 14.Re1 Rd8 15.Ne3 Bg6 16.b4 f6
17.bxc5 dxc5 18.Qb1 h5 19.Qb3 Bf7 20.Rab1 g4 21.hxg4 hxg4 22.Nxg4 Qf4 23.Ngh2 Rd7
24.Qa4 Kd8 25.Bd2 Qc7 26.e5 Kc8 27.Rb6 fxe5 28.Ng4 e4 29.Qxe4 Rh5 30.Reb1 Bd6
31.Bc3 Rf5 32.Nfe5 Re7 33.Nc4 Rd5 34.Rxb7 Qxb7 35.Rxb7 Rxb7 36.Nb6+ Kb8 37.g3 Ne7
38.Qh7 Rf5 39.Qh8+ Bg8 40.Nh6 Rf8 41.Be5  1-0

[Event "HUN-ch"]
[Site "Budapest"]
[Date "1971.??.??"]
[Round "14"]
[White "Vadasz, Laszlo"]
[Black "Csom, Istvan"]
[Result "0-1"]
[WhiteElo "2355"]
[BlackElo "2480"]

1.e4 c5 2.Nf3 d6 3.Bb5+ Nd7 4.d4 Nf6 5.Nc3 cxd4 6.Qxd4 g6 7.e5 dxe5 8.Nxe5 Bg7
9.Bf4 O-O 10.O-O-O Qb6 11.Bxd7 Nxd7 12.Rhe1 Qxd4 13.Rxd4 Nb6 14.Rb4 Rd8 15.Nd3 Bxc3
16.bxc3 Nd5 17.Rd4 Bf5 18.Bd2 b5 19.Nb4 Be6 20.Nc6 Rd7 21.Re5 Kf8 22.Rh4 Rd6
23.Nd4 Bd7 24.Rxh7 Kg8 25.Rh4 Rc8 26.Nf3 f6 27.Re1 e5 28.Rd1 Nxc3 29.Bxc3 Rxd1+
30.Kxd1 Rxc3 31.Kc1 Bf5 32.Ne1 a5 33.f3 g5 34.Rh5 Kg7 35.g4 Be6 36.Nd3 b4
37.Rh3 Bxa2 38.Kb2 Bc4 39.Nf2 Be2  0-1

[Event "Mar del Plata"]
[Site "Mar del Plata"]
[Date "1971.??.??"]
[Round "14"]
[White "Pilnik, Herman"]
[Black "Polugaevsky, Lev"]
[Result "1/2-1/2"]
[WhiteElo "2420"]
[BlackElo "2640"]

1.e4 c5 2.Nf3 d6 3.Bb5+ Bd7 4.Bxd7+ Qxd7 5.O-O Nc6 6.Re1 Nf6 7.c3 e6 8.d4 cxd4
9.cxd4 d5 10.e5 Ne4 11.Nbd2 Nxd2 12.Bxd2 Be7 13.Rc1 O-O 14.Qb3 Rfc8 15.Rc2 Rc7
16.Rec1 Rac8 17.h3 h6 18.a3 Nb8 19.Rxc7 Rxc7 20.Rxc7 Qxc7 21.Qc3  1/2-1/2

[Event "BCF-ch"]
[Site "Brighton"]
[Date "1972.08.21"]
[Round "7"]
[White "Penrose, Jonathan"]
[Black "Hartston, William R"]
[Result "1-0"]
[WhiteElo "2450"]
[BlackElo "2420"]

1.e4 c5 2.Nf3 d6 3.Bb5+ Bd7 4.Bxd7+ Qxd7 5.O-O Nc6 6.c4 g6 7.d4 cxd4 8.Nxd4 Bg7
9.Be3 Nf6 10.f3 Rc8 11.Nc3 Nxd4 12.Qxd4 O-O 13.Qd3 a6 14.Rac1 Qc6 15.b3 e6
16.Rfd1 Ne8 17.Na4 Rd8 18.Nb6 Nc7 19.a4 f5 20.b4 f4 21.Bf2 g5 22.b5 Qe8 23.Qa3 Qe7
24.Rd3 Be5 25.Rcd1 Qf7 26.c5 d5 27.Nc4 Bf6 28.Nd6 Qe7 29.b6 Ne8 30.exd5 exd5
31.Rxd5 Qe2 32.Qb3 Nxd6 33.cxd6 Kh8 34.d7 Qe6 35.Qd3 Rf7 36.Rd6 Qe7 37.Qd5 Rff8
38.Qxb7  1-0

[Event "Islington op"]
[Site "Islington"]
[Date "1972.12.16"]
[Round "4"]
[White "Yeo, Michael J"]
[Black "Wright, Daniel"]
[Result "0-1"]
[WhiteElo "2120"]
[BlackElo "2320"]

1.e4 c5 2.Nf3 d6 3.Bb5+ Bd7 4.Bxd7+ Qxd7 5.O-O e6 6.c3 Nf6 7.Qe2 Nc6 8.d4 cxd4
9.cxd4 d5 10.exd5 Nxd5 11.Rd1 Be7 12.Nc3 O-O 13.Nxd5 Qxd5 14.Be3 Rac8 15.b3 Rfd8
16.Rac1 Ba3 17.Rb1 Nb4 18.Ne1 a6 19.Nd3 Qb5 20.Bc1 Bxc1 21.a4 Qf5 22.g4 Qg6
23.Rbxc1 Rxc1 24.Nxc1 Nd5 25.Qf3 h5 26.h3 hxg4 27.Qxg4 Qc2 28.Qe2 Qc3 29.Qd3 Qxd3
30.Nxd3 Nc3 31.Re1 Rxd4 32.Nc5 Rb4 33.Re3 Nd5 34.Rf3 a5 35.Kf1 b6 36.Nd7 f6
37.Ke2 Rd4 38.Nb8 Nf4+ 39.Ke3 e5 40.Rg3 f5 41.f3 Rd3+ 42.Kf2 Rxb3 43.Nc6 Nd3+
44.Ke2 Kf7  0-1

[Event "URS-ch40"]
[Site "Baku"]
[Date "1972.??.??"]
[Round "?"]
[White "Kapengut, Albert Z"]
[Black "Grigorian, Karen Ashotovich"]
[Result "1/2-1/2"]
[WhiteElo "2485"]
[BlackElo "2470"]

1.e4 c5 2.Nf3 d6 3.Bb5+ Bd7 4.Bxd7+ Qxd7 5.c4 g6 6.d4 Bg7 7.O-O Nf6 8.Nc3 cxd4
9.Nxd4 Nc6 10.Nc2 O-O 11.b3 a6 12.a4 Rfc8 13.Bd2 e6 14.Bg5 Na5 15.Ne3 b5
16.axb5 axb5 17.Qf3 Ne8 18.e5 d5 19.Ncxd5 exd5 20.Nxd5 Bxe5  1/2-1/2

[Event "Barnstaple op"]
[Site "Barnstaple"]
[Date "1972.??.??"]
[Round "3"]
[White "Basman, Michael J"]
[Black "Burton, C."]
[Result "1-0"]
[WhiteElo "2325"]
[BlackElo "2220"]

1.e4 c5 2.Nf3 d6 3.Bb5+ Bd7 4.Bxd7+ Qxd7 5.O-O Nc6 6.Nc3 e6 7.d4 cxd4 8.Nxd4 Be7
9.Nb3 Nf6 10.Qe2 O-O 11.Rd1 a6 12.Bf4 b5 13.e5 Ne8 14.exd6 Bf6 15.Qf3 e5
16.Nc5 Qf5 17.Qxc6 Rc8 18.Qd7 Qxd7 19.Nxd7 exf4 20.Nxf8  1-0

[Event "WchT U26"]
[Site "Graz"]
[Date "1972.??.??"]
[Round "2"]
[White "Barreras, Alberto"]
[Black "Sax, Gyula"]
[Result "0-1"]
[WhiteElo "2440"]
[BlackElo "2445"]

1.e4 c5 2.Nf3 d6 3.Bb5+ Nd7 4.O-O Nf6 5.Re1 g6 6.Qe2 e5 7.d4 cxd4 8.Nxd4 Bg7
9.Nf3 O-O 10.c4 Nc5 11.Nc3 a6 12.Ba4 Nfxe4 13.Nxe4 Nxa4 14.Rd1 Qc7 15.Nxd6 Be6
16.Be3 Rfd8 17.c5 Nxc5 18.Bxc5 Qxc5 19.Nxb7 Rxd1+ 20.Rxd1 Qb6 21.Nd6 Rd8
22.Ne4 Rxd1+ 23.Qxd1 Bxa2 24.Qa4 Qxb2 25.h4 Qc1+ 26.Kh2 Qf4+ 27.Kg1 Bd5 28.Qe8+ Bf8
29.Neg5 h6 30.Nh3 Qg4  0-1

[Event "Hastings7273"]
[Site "Hastings"]
[Date "1972.??.??"]
[Round "13"]
[White "Radulov, Ivan"]
[Black "Stean, Michael"]
[Result "1-0"]
[WhiteElo "2490"]
[BlackElo "2275"]

1.e4 c5 2.Nf3 d6 3.Bb5+ Nd7 4.d4 cxd4 5.Qxd4 Nf6 6.Nc3 a6 7.Bxd7+ Bxd7 8.Bg5 h6
9.Bxf6 gxf6 10.O-O-O Rg8 11.Nh4 e6 12.f4 Qa5 13.Kb1 Qc5 14.Qd2 O-O-O 15.Rhe1 Be7
16.f5 Rg4 17.g3 Rh8 18.Ng2 h5 19.Re3 Kb8 20.Ne2 Bf8 21.Nef4 h4 22.Rc3 Qe5
23.Ne3 Rgg8 24.Nc4 Qc5 25.a3 hxg3 26.hxg3 Bc8 27.b4 Qc7 28.Qe3 Qd8 29.Ne2 Rh2
30.Nd4 Bd7 31.Nb3 Bb5 32.Nb6 Bh6 33.Qg1 Re2 34.Nc5 Re3 35.Ncd7+ Bxd7 36.Nxd7+ Qxd7
37.Rxe3 Bxe3 38.Qxe3 Qc6 39.fxe6 fxe6 40.Qf4 e5 41.Qxf6 Rxg3 42.Rxd6 Qc3
43.Qd8+ Qc8 44.Qb6 Rg8 45.Kb2 Qg4 46.Rd8+ Rxd8 47.Qxd8+ Ka7 48.Qd5 Qg3 49.a4 Qe1
50.c3 Qf2+ 51.Kb3 Qf4 52.Qc4 Kb8 53.Qg8+ Ka7 54.Qd5 Qf6 55.Qc5+ Kb8 56.b5 axb5
57.axb5 b6 58.Qd5 Kc7 59.Ka4 Qd6 60.Qxd6+ Kxd6 61.Kb4 Kd7 62.c4 Kd6 63.c5+  1-0

[Event "URS-chT Moscow"]
[Site "Moscow"]
[Date "1972.??.??"]
[Round "?"]
[White "Kapengut, Albert Z"]
[Black "Danov, Vladimir"]
[Result "1-0"]
[WhiteElo "2485"]
[BlackElo "2380"]

1.e4 c5 2.Nf3 d6 3.Bb5+ Bd7 4.Bxd7+ Qxd7 5.c4 Nc6 6.Nc3 g6 7.d4 cxd4 8.Nxd4 Bg7
9.Be3 Nf6 10.f3 Ne5 11.b3 Nh5 12.O-O f5 13.exf5 gxf5 14.Qd2 O-O 15.Bh6 Rf7
16.Qg5 Rf6 17.Nd5 Rxh6 18.Nxf5 Rg6 19.Ndxe7+ Kh8 20.Qxh5  1-0

[Event "URS-chT Moscow"]
[Site "Moscow"]
[Date "1972.??.??"]
[Round "?"]
[White "Fedorov, Alexei"]
[Black "Beliavsky, Alexander G"]
[Result "1-0"]
[WhiteElo "2200"]
[BlackElo "2420"]

1.e4 c5 2.Nf3 d6 3.Bb5+ Bd7 4.Bxd7+ Qxd7 5.O-O Nc6 6.c3 Nf6 7.d4 Nxe4 8.d5 Nd8
9.Re1 Nf6 10.Bg5 e6 11.Bxf6 gxf6 12.Nh4 Bg7 13.Nd2 O-O 14.Nc4 Rc8 15.Qh5 b5
16.Ne3 c4 17.Nef5 exf5 18.Nxf5 Ne6 19.Qg4 h5 20.Qxh5 Rc7 21.Qg4 Re8 22.Re3 Ng5
23.h4 Rxe3 24.hxg5 fxg5 25.fxe3 Qd8 26.Rf1 Be5 27.Nh6+ Kg7 28.Qh5 f6 29.Rf3 Kf8
30.Nf5 Qe8 31.Qh8+ Kf7 32.Qg7+  1-0

[Event "URS-chT Moscow"]
[Site "Moscow"]
[Date "1972.??.??"]
[Round "?"]
[White "Kapengut, Albert Z"]
[Black "Mukhin, Evgeny B"]
[Result "1-0"]
[WhiteElo "2485"]
[BlackElo "2420"]

1.e4 c5 2.Nf3 d6 3.Bb5+ Nc6 4.O-O Bd7 5.Re1 Nf6 6.c3 a6 7.Bf1 e5 8.h3 Be7
9.d4 O-O 10.Nbd2 b5 11.d5 Na7 12.b4 c4 13.a4 Ne8 14.Nh2 g6 15.Ndf3 Ng7 16.Bh6 Qc7
17.axb5 axb5 18.Qd2 Rab8 19.Ng4 f6 20.Nh4 Be8 21.g3 Nc8 22.f4 Bd8 23.Nf3 Nb6
24.Bg2 Ra8 25.Rxa8 Nxa8 26.Kh2 Nb6 27.Rf1 Qa7 28.h4 Bd7 29.Bh3 Bc8 30.Rf2 Na4
31.fxe5 fxe5 32.Be3  1-0

[Event "Sarajevo"]
[Site "Sarajevo"]
[Date "1972.??.??"]
[Round "2"]
[White "Jansa, Vlastimil"]
[Black "Bogdanovic, Rajko"]
[Result "1-0"]
[WhiteElo "2450"]
[BlackElo "2420"]

1.e4 c5 2.Nf3 d6 3.Bb5+ Bd7 4.Bxd7+ Qxd7 5.c4 Nc6 6.d4 cxd4 7.Nxd4 Nf6 8.Nc3 g6
9.f3 Bg7 10.Be3 O-O 11.O-O a6 12.a4 Rac8 13.b3 Rfe8 14.Qd2 Qd8 15.Rfd1 Nd7
16.Rab1 Nc5 17.Nce2 Qc7 18.Nxc6 Qxc6 19.a5 Qc7 20.Nf4 Bh6 21.Nd5 Bxe3+ 22.Qxe3 Qc6
23.Qg5 f6 24.Qd2 Nd7 25.Kh1 Rcd8 26.Rbc1 Kg7 27.b4 e6 28.Ne3 Ne5 29.Qd4 Qc7
30.f4 Nc6 31.Qc3 e5 32.Nd5 Qd7 33.Rf1 Rf8 34.Rcd1 Nd4 35.h3 Rde8 36.Qe3 Qc6
37.Rc1 Qd7 38.Rfd1 Qf7 39.Kh2 Rc8 40.Rf1 Rcd8 41.fxe5 dxe5 42.Rxf6 Qxf6 43.Nxf6 Rxf6
44.b5 Rc8 45.Qg5 Rc5 46.Rf1  1-0

[Event "Skopje ol (Men) prel"]
[Site "Skopje"]
[Date "1972.??.??"]
[Round "1"]
[White "Williams, Arthur H"]
[Black "Tatai, Stefano"]
[Result "1/2-1/2"]
[WhiteElo "2390"]
[BlackElo "2460"]

1.e4 c5 2.Nf3 d6 3.Bb5+ Nd7 4.d4 cxd4 5.Qxd4 Nf6 6.Bg5 h6 7.Bxf6 gxf6 8.Nc3 Rg8
9.O-O-O a6 10.Bxd7+ Bxd7 11.Nd5 Rc8 12.Nh4 Rc6 13.Kb1 Qa5 14.g3 Qc5 15.Qd2 h5
16.Nf5 Rg4 17.f4 Rg6 18.Nh4 Rh6 19.Nf5 Rg6 20.Nh4 Rh6  1/2-1/2

[Event "Skopje ol (Men) prel"]
[Site "Skopje"]
[Date "1972.??.??"]
[Round "2"]
[White "Fuller, Maxwell L"]
[Black "Tringov, Georgi P"]
[Result "1/2-1/2"]
[WhiteElo "2280"]
[BlackElo "2460"]

1.e4 c5 2.Nf3 d6 3.Bb5+ Nd7 4.c3 Nf6 5.Qe2 a6 6.Ba4 Qc7 7.Bc2 e5 8.d4 Be7
9.dxe5 dxe5 10.a4 O-O 11.a5 Nb8 12.Nbd2 Nc6 13.Nc4 Be6 14.Nfd2 Nd7 15.Nb3 b5
16.axb6 Nxb6 17.Bd3 Rfb8 18.Nbd2 Bg5 19.O-O Bxd2 20.Nxd2 c4 21.Nxc4 Nxc4
22.Bxc4 Nd4 23.cxd4 Bxc4 24.Qc2 Rc8 25.Rd1 Qb6 26.Ra3 exd4 27.Rg3 Rab8 28.Qd2 Bb3
29.Qg5 Qg6 30.Rxd4 Qxg5 31.Bxg5 f6 32.Bf4 Rb7 33.h3 Kf7 34.Bd2 Be6 35.Bc3 Rd7
36.Rxd7+ Bxd7 37.Rd3 Bb5 38.Rd6 Rc7 39.Rd1 Rd7 40.Rc1 Ba4  1/2-1/2

[Event "Skopje ol (Men) fin-C"]
[Site "Skopje"]
[Date "1972.??.??"]
[Round "3"]
[White "Browne, Walter S"]
[Black "Levy, David Neil Lawrence"]
[Result "1-0"]
[WhiteElo "2530"]
[BlackElo "2350"]

1.e4 c5 2.Nf3 d6 3.Bb5+ Nd7 4.d4 Nf6 5.e5 Qa5+ 6.Nc3 Ne4 7.Bd2 Nxd2 8.Qxd2 e6
9.exd6 Bxd6 10.O-O-O Qc7 11.Kb1 a6 12.Bxd7+ Bxd7 13.Ne4 Bf4 14.Qc3 c4 15.g3 Bh6
16.Qa3 O-O-O 17.Nd6+ Kb8 18.Nxf7 Bc6 19.Nxh8 Rxh8 20.Rhe1 Bd5 21.Ne5 g6 22.Qc5  1-0

[Event "Skopje ol (Men) fin-A"]
[Site "Skopje"]
[Date "1972.??.??"]
[Round "3"]
[White "Sznapik, Aleksander"]
[Black "Ghitescu, Theodor"]
[Result "0-1"]
[WhiteElo "2365"]
[BlackElo "2450"]

1.e4 c5 2.Nf3 d6 3.Bb5+ Bd7 4.Bxd7+ Qxd7 5.c4 e5 6.Nc3 Nc6 7.O-O g6 8.d3 Bg7
9.a3 Nge7 10.Rb1 O-O 11.b4 Nd4 12.Nxd4 exd4 13.Nd5 Nxd5 14.cxd5 b6 15.Bd2 f5
16.bxc5 bxc5 17.Qc2 Rab8 18.f4 Rb6 19.Rxb6 axb6 20.Rb1 fxe4 21.dxe4 b5 22.e5 dxe5
23.Qxc5 Rc8 24.Qxb5 Qxb5 25.Rxb5 e4 26.d6 e3 27.d7 Rd8 28.Ba5 Rxd7 29.Bb6 Re7
30.Kf1 d3 31.Bxe3 Rxe3 32.Rd5 Bc3 33.Kf2 Bd2 34.a4 Bc1 35.a5 d2 36.a6 Ra3
37.Ke2 Rxa6 38.Re5 Kf7 39.g3 Re6 40.Rxe6 Kxe6  0-1

[Event "Skopje ol (Men) prel"]
[Site "Skopje"]
[Date "1972.??.??"]
[Round "3"]
[White "Benko, Pal C"]
[Black "Ghitescu, Theodor"]
[Result "1/2-1/2"]
[WhiteElo "2515"]
[BlackElo "2450"]

1.e4 c5 2.Nf3 d6 3.Bb5+ Bd7 4.Bxd7+ Qxd7 5.O-O Nc6 6.c4 Nf6 7.Nc3 g6 8.d3 Bg7
9.a3 O-O 10.Be3 e5 11.Rb1 Ne8 12.Nd5 Nc7 13.h3 Nxd5 14.cxd5 Nd4  1/2-1/2

[Event "Skopje ol (Men) prel"]
[Site "Skopje"]
[Date "1972.??.??"]
[Round "3"]
[White "Day, Lawrence A"]
[Black "Uddenfeldt, Dan"]
[Result "1/2-1/2"]
[WhiteElo "2345"]
[BlackElo "2270"]

1.e4 c5 2.Nf3 d6 3.Bb5+ Bd7 4.Bxd7+ Qxd7 5.O-O Nc6 6.c3 Nf6 7.d4 cxd4 8.cxd4 d5
9.e5 Ne4 10.Ne1 h6 11.f3 Ng5 12.Nc3 Ne6 13.Nc2 Nc7 14.b3 e6 15.f4 h5 16.Qd3 Ne7
17.Ba3 Nf5 18.Bxf8 Rxf8 19.Ne3 O-O-O 20.Rac1 Kb8 21.Rc2 Nxe3 22.Qxe3 Rc8
23.Qd3 Nb5 24.Nxb5 Rxc2 25.Qxc2 Qxb5 26.Rc1 Qd7 27.Qc5 Rg8 28.a4 Rc8 29.Qxc8+ Qxc8
30.Rxc8+ Kxc8 31.b4 Kd7 32.Kf2 Ke7 33.Kg3 Kf8 34.Kh4 g6 35.Kg5 Ke8 36.Kf6 Kf8
37.h4 Ke8 38.f5 gxf5 39.Kg5 Ke7 40.Kxh5 f6 41.exf6+ Kxf6 42.g4 e5 43.dxe5+ Kxe5
44.Kg5 fxg4 45.Kxg4 Ke4 46.Kg3 Ke3  1/2-1/2

[Event "Skopje ol (Men) prel"]
[Site "Skopje"]
[Date "1972.??.??"]
[Round "4"]
[White "Carpinter, Anthony Lawrence"]
[Black "Hase, Juan C"]
[Result "0-1"]
[WhiteElo "2200"]
[BlackElo "2200"]

1.e4 c5 2.Nf3 d6 3.Bb5+ Nd7 4.d4 cxd4 5.Qxd4 e6 6.O-O a6 7.Bxd7+ Bxd7 8.Bg5 Qc7
9.Nc3 h6 10.Bh4 Rc8 11.Rad1 Qc5 12.Bg3 Qxd4 13.Rxd4 e5 14.Rd2 Nf6 15.Ne1 Rxc3
16.bxc3 Nxe4 17.Re2 Nxc3 18.Re3 Na4 19.Nd3 f5 20.f3 Nb6 21.Rb1 Bb5 22.Bf2 Nc4
23.Ree1 Be7 24.Nb2 Nxb2 25.Rxb2 Kf7 26.Be3 Rc8 27.Rd1 Ke6 28.Kf2 d5 29.Ke1 Ba3
30.Rb3 Rxc2 31.Rd2 Rc1+ 32.Kf2 Rf1+ 33.Kg3 f4+ 34.Bxf4 exf4+ 35.Kxf4 Bc1  0-1

[Event "Skopje ol (Men) fin-A"]
[Site "Skopje"]
[Date "1972.??.??"]
[Round "5"]
[White "Andersson, Ulf"]
[Black "Portisch, Lajos"]
[Result "1-0"]
[WhiteElo "2535"]
[BlackElo "2640"]

1.e4 c5 2.Nf3 d6 3.Bb5+ Nc6 4.O-O Bd7 5.Re1 Nf6 6.c3 a6 7.Bf1 e5 8.h3 h6
9.d4 Qc7 10.a4 g6 11.Na3 Bg7 12.dxc5 dxc5 13.Nc4 Rb8 14.b4 cxb4 15.cxb4 Be6
16.Nd6+ Ke7 17.Ba3 Ne8 18.Nxb7 Qxb7 19.b5+ Kf6 20.bxc6 Qc7 21.Nxe5  1-0

[Event "Skopje ol (Men) prel"]
[Site "Skopje"]
[Date "1972.??.??"]
[Round "5"]
[White "Adhami, Vangiel"]
[Black "Hay, Trevor"]
[Result "1-0"]
[WhiteElo "2250"]
[BlackElo "2200"]

1.e4 c5 2.Nf3 d6 3.Bb5+ Nd7 4.c3 Nf6 5.Qe2 e6 6.O-O Be7 7.d4 O-O 8.Bd3 Re8
9.Bg5 Nh5 10.Be3 b6 11.Nbd2 Bb7 12.Rad1 Nhf6 13.h3 Qc7 14.Nh2 cxd4 15.cxd4 Rac8
16.f4 e5 17.Rfe1 exd4 18.Bxd4 Bf8 19.Ng4 Nxg4 20.Qxg4 Nc5 21.Bb1 Qd7 22.f5 Qd8
23.Nf3 Nd7 24.a3 Nf6 25.Qf4 Nh5 26.Qh2 Rc7 27.g4 Nf6 28.Qf4 d5 29.e5 Ne4
30.Nd2 Qh4 31.Kh2 Nxd2 32.Qxd2 Rec8 33.Qf2 Qd8 34.Bd3 Bc5 35.Qf4 Qf8 36.g5 Bxd4
37.Qxd4 Qc5 38.Qh4 d4 39.f6 g6 40.Qh6 Qf8 41.Qxf8+ Kxf8 42.e6 fxe6 43.Rxe6 Bd5
44.Rd6 Bb3 45.Re1 Bc2 46.Ba6 Re8 47.Rxe8+ Kxe8 48.Rxd4 Bf5 49.Rc4 Rf7 50.Rd4 Rc7
51.Bc4 a6 52.f7+ Ke7 53.Rd8  1-0

[Event "Skopje ol (Men) fin-B"]
[Site "Skopje"]
[Date "1972.??.??"]
[Round "7"]
[White "Siaperas, Triantafyllos"]
[Black "Robatsch, Karl"]
[Result "0-1"]
[WhiteElo "2385"]
[BlackElo "2460"]

1.e4 c5 2.Nf3 d6 3.Bb5+ Bd7 4.a4 Nc6 5.O-O Nf6 6.Re1 e6 7.c3 a6 8.Bf1 Be7
9.d4 cxd4 10.cxd4 d5 11.e5 Ne4 12.Nc3 Ng5 13.Nxg5 Bxg5 14.Bxg5 Qxg5 15.Re3 O-O
16.Rg3 Qe7 17.Ne2 f6 18.f4 fxe5 19.fxe5 Rf5 20.Rh3 Raf8 21.Qd3 Be8 22.Re3 Bg6
23.Qc3 Qf7 24.Ng3 Rf2 25.Be2 Qf4 26.Rd1 Bc2 27.Rd2 Be4 28.Rf3 Bxf3 29.Kxf2 Be4+
30.Bf3 Qh6 31.Nf1 Rf4 32.Kg1 Bxf3 33.gxf3 Qh4 34.Rd3 h6 35.Ng3 Nxd4 36.Kg2 Nc6
37.Rd2 Rxa4  0-1

[Event "Skopje ol (Men) prel"]
[Site "Skopje"]
[Date "1972.??.??"]
[Round "7"]
[White "Csom, Istvan"]
[Black "Alvarez, German"]
[Result "1-0"]
[WhiteElo "2485"]
[BlackElo "2200"]

1.e4 c5 2.Nf3 d6 3.Bb5+ Bd7 4.Bxd7+ Nxd7 5.c4 Ngf6 6.Nc3 e6 7.O-O Be7 8.d4 cxd4
9.Qxd4 a6 10.b3 O-O 11.Bb2 Qc7 12.Rfe1 Rfd8 13.Rad1 Rac8 14.Qe3 Ng4 15.Qe2 Nge5
16.Nd4 Nc6 17.Nc2 Bf6 18.Ne3 Nce5 19.Rd2 Ng6 20.Red1 Nc5 21.f3 b6 22.g3 h5
23.Qg2 Qc6 24.Ne2 Bxb2 25.Rxb2 Nd7 26.Rbd2 Qc5 27.Qf2 Nf6 28.Ng2 Qc6 29.Nd4 Qc7
30.Ne3 Rd7 31.Ndc2 Rcd8 32.Nb4 Qb7 33.Nd3 d5 34.cxd5 exd5 35.e5 Ne8 36.f4 d4
37.Nc2 Ne7 38.Nde1 Nf5 39.Nxd4 Nxd4 40.Rxd4 Rxd4 41.Rxd4 Rxd4 42.Qxd4 g6
43.Ng2 Ng7 44.Ne3 Ne6 45.Qd6 Qc7 46.Qb4 Qb7 47.Nd5 b5 48.Qd6 Qa7+ 49.Qb6 Qa8
50.Qc6 Qa7+ 51.Kg2 Qd4 52.Nf6+ Kg7 53.Qa8 Qd2+ 54.Kh3 Nf8 55.Qxa6 Qe2 56.Qa8 Qf1+  1-0

[Event "Skopje ol (Men) fin-A"]
[Site "Skopje"]
[Date "1972.??.??"]
[Round "10"]
[White "Jansa, Vlastimil"]
[Black "Padevsky, Nikola"]
[Result "1/2-1/2"]
[WhiteElo "2480"]
[BlackElo "2430"]

1.e4 c5 2.Nf3 d6 3.Bb5+ Bd7 4.Bxd7+ Nxd7 5.O-O Ngf6 6.Re1 e5 7.c3 Be7 8.d4 cxd4
9.cxd4 d5 10.dxe5 Nxe4 11.Nbd2 Nxd2 12.Bxd2 O-O 13.Rc1 Nb6 14.b3 Rc8 15.Re3 Rxc1
16.Qxc1 Qd7 17.Rc3 Rc8  1/2-1/2

[Event "Skopje ol (Men) fin-A"]
[Site "Skopje"]
[Date "1972.??.??"]
[Round "11"]
[White "Jansa, Vlastimil"]
[Black "Schoeneberg, Manfred"]
[Result "1/2-1/2"]
[WhiteElo "2380"]
[BlackElo "2470"]

1.e4 c5 2.Nf3 d6 3.Bb5+ Bd7 4.Bxd7+ Qxd7 5.c4 Nf6 6.Nc3 g6 7.d4 cxd4 8.Nxd4 Bg7
9.f3 Nc6 10.Be3 O-O 11.O-O Rfd8 12.Qd2 Rac8 13.b3 Qc7 14.Rac1 Qb8 15.Rfd1 a6
16.a4 Ne5 17.a5 Nc6 18.Na4 Nd7 19.Ne2 Nc5 20.Qa2 Nb4 21.Qa3 Ncd3 22.Nf4 Nxc1
23.Qxb4 e5 24.Nd5 Ne2+ 25.Kf1 Nd4 26.Ne7+ Kh8 27.Nxc8 Qxc8 28.Nb6 Qe6 29.Nd5 f5
30.Bxd4 exd4 31.Re1 fxe4 32.Rxe4 Qf5 33.Qd2 Be5 34.Qe2 Rf8 35.f4 g5 36.g4 Qg6
37.f5 Qh6 38.Rxe5 dxe5 39.Qxe5+ Kg8 40.Qxd4 Qxh2 41.Nf6+ Rxf6  1/2-1/2

[Event "SWE-ch"]
[Site "?"]
[Date "1972.??.??"]
[Round "4"]
[White "Ornstein, Axel"]
[Black "Brostrom, Goran"]
[Result "1-0"]
[WhiteElo "2200"]
[BlackElo "2410"]

1.e4 c5 2.Nf3 d6 3.Bb5+ Bd7 4.Bxd7+ Qxd7 5.c4 Nc6 6.d4 cxd4 7.Nxd4 Nf6 8.Nc3 e6
9.O-O Be7 10.Be3 O-O 11.Qe2 d5 12.exd5 exd5 13.Rfd1 dxc4 14.Qxc4 Ne5 15.Qb3 Neg4
16.Nf3 Qe6 17.Qxe6 fxe6 18.Bd4 Nd5 19.h3 Ngf6 20.Ng5 Nxc3 21.bxc3 e5 22.Bxe5 Rfd8
23.Bd4 h6 24.Ne6 Rdc8 25.Re1 Bf8 26.Rab1 b6 27.Rb5 Kf7 28.f4 Rc6 29.f5 Bd6
30.a4 Re8 31.a5 Bc5 32.Bxc5 Rxc5 33.Rxc5 bxc5 34.Rb1 Ne4 35.Rb7+ Re7 36.a6 Nxc3
37.Nxc5 Kf6 38.Ne6 Nd5 39.g4 g6 40.Nd4 gxf5 41.Nxf5 Rc7 42.Nxh6 Ke5 43.g5 Rc1+
44.Kf2 Kf4 45.g6 Rc2+ 46.Ke1 Ne3 47.Rb3 Kf3 48.Rxe3+ Kxe3 49.Ng4+ Kf3 50.g7 Rc8
51.Nf6 Ke3 52.Kd1 Rd8+ 53.Kc2 Rc8+ 54.Kb3  1-0

[Event "Teeside"]
[Site "Teeside"]
[Date "1972.??.??"]
[Round "2"]
[White "Cafferty, Bernard"]
[Black "Tringov, Georgi P"]
[Result "0-1"]
[WhiteElo "2440"]
[BlackElo "2490"]

1.e4 c5 2.Nf3 d6 3.Bb5+ Nd7 4.d4 cxd4 5.Qxd4 Nf6 6.Bg5 h6 7.Bxf6 gxf6 8.Nc3 Rg8
9.Nd5 Bg7 10.O-O-O Kf8 11.Qd2 a6 12.Bc4 b5 13.Bb3 Nc5 14.Nd4 Bd7 15.Rhe1 a5
16.a3 e6 17.Nc3 b4 18.Na2 bxa3 19.bxa3 Qb6 20.Qe2 f5 21.Bc4 Nxe4 22.f3 Bxd4
23.fxe4 f4 24.Bb3 a4 25.Qc4 Be3+ 26.Kb2 axb3 27.cxb3 Rxg2+  0-1

[Event "Teeside"]
[Site "Teeside"]
[Date "1972.??.??"]
[Round "15"]
[White "Hecht, Hans Joachim"]
[Black "Sax, Gyula"]
[Result "1/2-1/2"]
[WhiteElo "2470"]
[BlackElo "2400"]

1.e4 c5 2.Nf3 d6 3.Bb5+ Bd7 4.Bxd7+ Nxd7 5.c4 Ngf6 6.Nc3 g6 7.O-O Bg7 8.d3 O-O
9.h3 Ne8 10.Be3 Nc7 11.Qd2 a6 12.Bh6 b5 13.Nd5 e6 14.Nxc7 Qxc7 15.Rac1 Qb7
16.Bxg7 Kxg7 17.b4 cxb4 18.Qxb4 Nc5 19.Qc3+ Kg8 20.Rb1 Rab8 21.Rb4 Qa7 22.Rfb1 bxc4
23.Qxc4 Rxb4 24.Rxb4 Rb8 25.Ne1 Rb6 26.Kf1 Qb7 27.Rxb6 Qxb6 28.Qd4 e5 29.Qc4 Ne6
30.g3 Nd4 31.Kg2 Qb1 32.Nf3 Nxf3 33.Kxf3 Qb6 34.h4 h5 35.Qd5  1/2-1/2

[Event "CSR-ch"]
[Site "Trinec"]
[Date "1972.??.??"]
[Round "2"]
[White "Jansa, Vlastimil"]
[Black "Lechtynsky, Jiri"]
[Result "1-0"]
[WhiteElo "2450"]
[BlackElo "2360"]

1.e4 c5 2.Nf3 d6 3.Bb5+ Bd7 4.Bxd7+ Qxd7 5.c4 Nc6 6.d4 cxd4 7.Nxd4 g6 8.Nc3 Bg7
9.Be3 Nf6 10.f3 O-O 11.O-O Rac8 12.b3 Rfd8 13.Qd2 a6 14.a4 Qe8 15.Rfd1 Nd7
16.Rab1 Nc5 17.Nd5 Nd7 18.Ne2 Nce5 19.Bg5 f6 20.Be3 Qf7 21.Qb4 Rb8 22.a5 h6
23.Qd2 Kh7 24.f4 Ng4 25.Ba7 Ra8 26.Bd4 f5 27.exf5 gxf5 28.Bxg7 Kxg7 29.Nd4 e5
30.h3 exd4 31.hxg4 fxg4 32.Qxd4+ Kh7 33.Re1 Re8 34.Nc7 Rxe1+ 35.Rxe1 Rg8
36.Qxd6 Rg6 37.Ne6 Kg8 38.Qd5 g3 39.Nc7 Nf6 40.Qd8+ Qf8 41.Qxf8+ Kxf8 42.Ne6+ Kg8
43.b4 Nh5 44.b5 Rf6 45.Re4 Rf7 46.c5 axb5 47.a6 bxa6 48.c6 Nf6 49.Rd4 Ne8
50.Rd8 Re7 51.c7 Rxe6 52.Kf1 Rc6 53.Rxe8+ Kf7 54.c8=Q Rxc8 55.Rxc8  1-0

[Event "CSR-ch"]
[Site "Trinec"]
[Date "1972.??.??"]
[Round "9"]
[White "Hort, Vlastimil"]
[Black "Jankovec, Ivan"]
[Result "1/2-1/2"]
[WhiteElo "2605"]
[BlackElo "2320"]

1.e4 c5 2.Nf3 d6 3.Bb5+ Bd7 4.Bxd7+ Qxd7 5.c4 Nc6 6.Nc3 Nf6 7.d4 cxd4 8.Nxd4 e6
9.O-O Be7 10.b3 O-O 11.Bb2 Rfd8 12.Re1 Rac8 13.Rc1 Ne8 14.Nc2 a6 15.Ne3 Bf6
16.Re2 Ne5 17.Rd2 b5 18.Ne2 Qb7 19.cxb5 Rxc1 20.Qxc1 axb5 21.f3 Ng6 22.Bxf6 Nxf6
23.Qc3 h6 24.Qa5 Ra8 25.Qb4 Qa7 26.Qd4 Qc5 27.Kf2 Ne5 28.Nc3 Rc8 29.Qxc5 Rxc5
30.Ne2 Ne8 31.b4 Rc7 32.Nd4 Nc4 33.Nxc4 Rxc4 34.Nxb5 Rxb4 35.Nd4 Kf8 36.Ne2 Ke7  1/2-1/2

[Event "CSR-ch"]
[Site "Trinec"]
[Date "1972.??.??"]
[Round "10"]
[White "Lechtynsky, Jiri"]
[Black "Malis, Jiri"]
[Result "1-0"]
[WhiteElo "2360"]
[BlackElo "2220"]

1.e4 c5 2.Nf3 d6 3.Bb5+ Nc6 4.O-O Bd7 5.Re1 e5 6.c3 a6 7.Bxc6 Bxc6 8.d4 Qc7
9.dxe5 dxe5 10.c4 Bd6 11.Nc3 Ne7 12.Nh4 O-O-O 13.Qg4+ Kb8 14.Qxg7 f5 15.Bg5 fxe4
16.Nxe4 h6 17.Bf6 Rhg8 18.Qxh6 Bxe4 19.Rxe4 Qc6 20.Qe3 Rd7 21.Re1 Ng6 22.Rg4 Bc7
23.Nxg6  1-0

[Event "CSR-ch"]
[Site "Trinec"]
[Date "1972.??.??"]
[Round "10"]
[White "Franzen, Josef"]
[Black "Meduna, Eduard"]
[Result "1/2-1/2"]
[WhiteElo "2330"]
[BlackElo "2285"]

1.e4 c5 2.Nf3 d6 3.Bb5+ Nc6 4.O-O a6 5.Bxc6+ bxc6 6.d4 cxd4 7.Qxd4 e5 8.Qd3 Nf6
9.Bg5 Be7 10.Rd1 Be6 11.c4 Qc7 12.Bxf6 gxf6 13.Nc3 Rg8 14.Rac1 Bg4 15.Re1 Qd7
16.Nh4 Rg5 17.Re3 Rh5 18.Nf5 Rxf5 19.exf5 Bxf5 20.Qe2 d5 21.cxd5 cxd5 22.Rg3 Bg6
23.h4 h5 24.Rd1 d4 25.Rxg6 fxg6 26.Qe4 Rb8 27.Qxg6+ Kd8 28.Qg8+ Qe8 29.Qc4 Qd7
30.Qg8+ Qe8 31.Qc4 Qd7 32.Qxa6 Qg4 33.Rd3 Qc8 34.Qa5+ Ke8 35.Qa4+ Kf7 36.Nd5 Qc1+
37.Kh2 Qxb2 38.Nxe7 Kxe7 39.Qa7+ Qb7 40.Qc5+ Ke6 41.Rb3 Qc8 42.Rb6+ Kf7 43.Qd5+ Kg6
44.Re6 Rb7 45.Rd6 Rf7 46.a4 Qf5 47.f3 Rc7 48.Rd8 Qf4+ 49.Kh3 Qf5+ 50.Kh2 Qf4+  1/2-1/2